000 00286nam a22001217a 4500
999 _c13771
_d13771
020 _a9788129109897
082 _a954.2
100 _aRavi Bhatt
245 _aThe Life and Times of the Nawabs of Lucknow
260 _aIndia
_bRupa Publications
_c2000
300 _a246 pages
942 _cBK